Malicious and Non Malicious Website Deduction Using Machine Learning (Thesis MS) (Record no. 69083)

MARC details
000 -LEADER
fixed length control field 00398nam a22001217a 4500
100 ## - MAIN ENTRY--AUTHOR NAME
Personal name Imam Ali
-- 21-MSCS-04
-- Supervisor - Dr.Asghar Ali Chandio
245 ## - TITLE STATEMENT
Title Malicious and Non Malicious Website Deduction Using Machine Learning (Thesis MS)
260 ## - PUBLICATION, DISTRIBUTION, ETC. (IMPRINT)
Place of publication Nawabshah
Name of publisher QUEST
Year of publication 2025
300 ## - PHYSICAL DESCRIPTION
Number of Pages 80p.
700 ## - ADDED ENTRY--PERSONAL NAME
Personal name Department of Computer Science
942 ## - ADDED ENTRY ELEMENTS (KOHA)
Koha item type Thesis and Dissertation
Holdings
Withdrawn status Lost status Home library Current library Date acquired Accession Number Koha item type
    Research Section Research Section 29/06/2026 MP/101-1489 Thesis and Dissertation
    Research Section Research Section 29/06/2026 MP/101-1490 Thesis and Dissertation